The observer's book of common fungi / (Record no. 72702)
[ view plain ]
| 000 -LEADER | |
|---|---|
| fixed length control field | 00766nam a2200241 a 4500 |
| 001 - CONTROL NUMBER | |
| control field | 72702 |
| 003 - CONTROL NUMBER IDENTIFIER | |
| rucl marc code | BD-RjUL |
| 005 - DATE AND TIME OF LATEST TRANSACTION | |
| control field | 20211209082311.0 |
| 008 - FIXED-LENGTH DATA ELEMENTS--GENERAL INFORMATION | |
| fixed length control field | 170522r19641958enka b 001 0 eng d |
| 035 ## - SYSTEM CONTROL NUMBER | |
| System control number | (BD-RjUL)72920 |
| 040 ## - CATALOGING SOURCE | |
| Transcribing agency | NIC |
| Modifying agency | CStRLIN |
| -- | NIC |
| -- | BD-RjUL |
| Original cataloging agency | BD-RjUL |
| Language of cataloging | eng |
| 041 ## - LANGUAGE CODE | |
| Language code of text/sound track or separate title | eng |
| 082 ## - DEWEY DECIMAL CLASSIFICATION NUMBER | |
| Edition number | 23 |
| Classification number | 579.50941 |
| Author mark and year | WAO 1964 |
| 100 1# - MAIN ENTRY--PERSONAL NAME | |
| Personal name | Wakefield, Elsie M. |
| 9 (RLIN) | 215057 |
| 245 14 - TITLE STATEMENT | |
| Title | The observer's book of common fungi / |
| Statement of responsibility, etc. | by E.M. Wakefield. |
| 260 ## - PUBLICATION, DISTRIBUTION, ETC. (IMPRINT) | |
| Place of publication, distribution, etc. | London : |
| Name of publisher, distributor, etc. | F. Warne, |
| Date of publication, distribution, etc. | c1954 [reprinted 1964] |
| 300 ## - PHYSICAL DESCRIPTION | |
| Pagination | x, 117 p. : |
| Illustrations | ill. ; |
| Size | 15 cm. |
| 490 1# - SERIES STATEMENT | |
| Series statement | Observer's pocket series |
| 504 ## - BIBLIOGRAPHY, ETC. NOTE | |
| Bibliography, etc | Includes bibliographical references and index |
| 650 #0 - SUBJECT ADDED ENTRY--TOPICAL TERM | |
| Topical term or geographic name as entry element | Fungi |
| 9 (RLIN) | 215058 |
| Geographic subdivision | Great Britain |
| 830 #0 - SERIES ADDED ENTRY--UNIFORM TITLE | |
| Uniform title | Observer's pocket series |
| 942 ## - ADDED ENTRY ELEMENTS (KOHA) | |
| Source of classification or shelving scheme | Dewey Decimal Classification |
| Koha item type | Books |
| Lost status | Source of classification or shelving scheme | Damaged status | Not for loan | Collection code | Permanent Location | Current Location | Shelving location | Date acquired | Source of acquisition | Cost, normal purchase price | Total Checkouts | Full call number | Date last seen | Copy number | Koha item type |
|---|---|---|---|---|---|---|---|---|---|---|---|---|---|---|---|
| Dewey Decimal Classification | Not For Loan | Non-fiction | Central Library, University of Rajshahi | Central Library, University of Rajshahi | Reading Room | 30/10/1970 | Sweets & Zeitlinger | 7.00 | 579.50941 WAO 1964 | 22/05/2017 | C-1 | Books |